01467cam a22002655a 45000010009000000050017000090080041000260200042000670400034001090820019001431000029001622450066001912600065002573000036003225000024003585040031003825200488004136500049009016510010009506530033009606550024009939420019010179990017010369520148010531781020720150809110013.0130712t2014 flua frb 001 0 eng d a9781482216691 (hardback : alk. paper) aDLCbengcDLCdDLCdEG-ScBUE 04a006.6bPRA2221 aPratt, William K.93826210aIntroduction to digital image processing /cWilliam K. Pratt. aBoca Raton : bCRC Press / Taylor & Francis Group,cc.2014.  axviii, 738 p. :bill. ;c24 cm. aIndex : p. 725-738. aBibliography : p. 717-724. a"This book contains English language narratives of important image processing operations, from which a student is expected to create executable versions of the operations using C language programming, calls to an image processing library furnished with the book, a furnished PIKSTool interactive package or the widely supported MATLAB interactive package. Executable versions of each narrative operation are furnished so that a student can visualize the result of each operation. "-- 0aImage processingxDigital techniques.2BUEsh 2BUEsh bENGELCcJune2015cAugust2015 vreading book934232 2ddck006.6 PRA c19547d19519 00102ddc40708BaccahaMAINbMAINcLOWd2015-06-10epurchaseg580.00l7m3o006.6 PRAp000038505r2025-07-15 00:00:00s2025-03-25v725.00yBB